|
|
|
|
| LEADER |
01333nam a2200301 u 4500 |
| 001 |
10112353 |
| 003 |
upatras |
| 005 |
20250227063447.0 |
| 008 |
140327s1974 us eng |
| 020 |
|
|
|a 0774401095
|
| 040 |
|
|
|a GR-PaULI
|b gre
|c GR-PaULI
|e AACR2
|
| 041 |
0 |
|
|a eng
|
| 082 |
0 |
4 |
|2 23
|a 375.001
|
| 100 |
1 |
|
|a Regan, Ellen M.
|e συγγραφέας
|9 137450
|
| 245 |
1 |
0 |
|a Effective curriculum change :
|b experiences with the conceptual skills project /
|c Ellen M. Regan, Kenneth A. Leithwood.
|
| 260 |
|
|
|a Toronto :
|b Ontario Institute for Studies in Education,
|c c1974.
|
| 300 |
|
|
|a 77 σ. ;
|c 23 εκ.
|
| 490 |
1 |
|
|a Research in education series ;
|v 4
|
| 504 |
|
|
|a Περιλαμβάνει βιβλιογραφικές παραπομπές.
|
| 650 |
|
4 |
|a Εκπαίδευση
|x Αναλυτικά προγράμματα
|9 1188
|
| 650 |
|
0 |
|a Διδασκαλία
|9 652
|
| 700 |
1 |
|
|a Leithwood, Kenneth A.
|e συγγραφέας
|9 137451
|
| 830 |
|
0 |
|9 201093
|a Research in education series
|v 4
|
| 852 |
|
|
|a GR-PaULI
|b ΠΑΤΡΑ
|b ΠΤΔΕ
|b ΓΕΡ
|k ΑΣΧΞ
|h 375.001 REG
|m 10246
|p 025000140989
|t 1
|
| 942 |
|
|
|2 ddc
|c BK15
|
| 952 |
|
|
|0 0
|1 0
|4 0
|6 375_001000000000000_REG
|7 0
|9 164635
|a PTDE
|b PTDE
|d 2016-04-24
|i 10246
|l 0
|o 375.001 REG
|p 025000140989
|r 2016-04-24 00:00:00
|t 1
|w 2016-04-24
|y BK15
|
| 998 |
|
|
|c ΤΣΕΝΕ
|d 2014-03
|
| 999 |
|
|
|c 103211
|d 103211
|